Carta a un religioso / [por] Simone Weil ; tr. por María Tabuyo [y] Agustín López ; pról. de Carlos Ortega

Na minha lista:
Detalhes bibliográficos
Autor principal: Weil, Simone (autor)
Formato: Livro
Colecção:Col. "Mínima Trotta"
Assuntos:
Tags: Adicionar Tag
Sem tags, seja o primeiro a adicionar uma tag!

MARC

LEADER 00000nam^a2200000^u^4500
001 000544251
005 20250521000000.0
008 060220s1000^^^^^^^^^^^^r^^^^^000^0^spa^d
009 20260310131324.733
035 |a FMI 000013370 
037 |a Acervo Xavier Clavigero 
096 |a 4.4/158/B 
100 |a Weil, Simone  |e (autor) 
245 1 0 |a Carta a un religioso / [por] Simone Weil ; tr. por María Tabuyo [y] Agustín López ; pról. de Carlos Ortega 
264 |a Madrid : Trotta, 1998 
300 |a 70 p. 
336 |a texto  |b txt  |2 rdacontenido 
337 |a sin mediación  |b n  |2 rdamedio 
338 |a volumen  |b nc  |2 rdasoporte 
440 0 |a Col. "Mínima Trotta" 
597 |a Trad. del francés ("Lettre a un religieus"). 
649 |a XX 
650 |a ESPIRITUALIDAD SACERDOTAL Y RELIGIOSA 
910 |a Fondo Francisco Migoya Covarrubias S.J. 
920 |a Impresos - Libros 
930 |a Fondos Especiales 
905 |a 134 
901 |a SBC20520  |b IT2  |c ESP  |u 20250521 
902 |a https://opac.biblio.iteso.mx/vufind/Record/000544251